[Event "Heraklion op 21st"]
[Site "Heraklion"]
[Date "2017.09.08"]
[Round "7"]
[White "Kiriakakis, Ioannis"]
[Black "Foinikianaki, Stella"]
[Result "1-0"]
[WhiteElo "1602"]
[BlackElo "1231"]
[PlyCount "47"]
[EventDate "2017.09.03"]
[EventType "swiss"]
[EventRounds "9"]
[EventCountry "GRE"]
[SourceTitle "CBM 180 Extra"]
[Source "ChessBase"]
[SourceDate "2017.10.06"]
[SourceVersion "1"]
[SourceVersionDate "2017.10.06"]
[SourceQuality "1"]

1. e4 e5 2. Nf3 Nc6 3. Bb5 a6 4. Bxc6 dxc6 5. 0-0 Bg4 6. h3 h5 7. d3 Qf6 8. Nbd2 Ne7 9. b3 Ng6 10. Bb2 0-0-0 11. hxg4 hxg4 12. Nh2 Nf4 13. Qxg4+ Kb8 14. g3 Nh3+ 15. Kg2 Bc5 16. Nhf3 Bd6 17. Nc4 Qh6 18. Ncxe5 Bxe5 19. Bxe5 Rdg8 20. Rh1 f6 21. Rxh3 Qxh3+ 22. Qxh3 Rxh3 23. Kxh3 fxe5 24. Nxe5 1-0

[Event "Heraklion op 21st"]
[Site "Heraklion"]
[Date "2017.09.05"]
[Round "4"]
[White "Koutsaftis, Efstratios"]
[Black "Kiriakakis, Ioannis"]
[Result "1/2-1/2"]
[WhiteElo "1442"]
[BlackElo "1602"]
[PlyCount "46"]
[EventDate "2017.09.03"]
[EventType "swiss"]
[EventRounds "9"]
[EventCountry "GRE"]
[SourceTitle "CBM 180 Extra"]
[Source "ChessBase"]
[SourceDate "2017.10.06"]
[SourceVersion "1"]
[SourceVersionDate "2017.10.06"]
[SourceQuality "1"]

1. d4 Nf6 2. c4 e6 3. Nc3 d5 4. Bg5 Nbd7 5. e3 c6 6. Nf3 Qa5 7. Nd2 dxc4 8. Bxf6 Nxf6 9. Nxc4 Qc7 10. Bd3 Be7 11. 0-0 0-0 12. Rc1 c5 13. dxc5 Bxc5 14. Ne4 Nxe4 15. Bxe4 Qe7 16. a3 Rd8 17. Qc2 h6 18. b4 Bd6 19. Nxd6 Rxd6 20. Rfd1 Rxd1+ 21. Rxd1 e5 22. Qd2 Be6 23. h3 Kf8 1/2-1/2

[Event "Heraklion op 19th"]
[Site "Heraklion"]
[Date "2017.01.05"]
[Round "5"]
[White "Kiriakakis, Ioannis"]
[Black "Kolomvakis, Stelios"]
[Result "0-1"]
[WhiteElo "1548"]
[BlackElo "1882"]
[PlyCount "134"]
[EventDate "2017.01.02"]
[EventType "swiss"]
[EventRounds "9"]
[EventCountry "GRE"]
[SourceTitle "CBM 176 Extra"]
[Source "ChessBase"]
[SourceDate "2017.03.02"]
[SourceVersion "1"]
[SourceVersionDate "2017.03.02"]
[SourceQuality "1"]

1. d4 d5 2. c4 e6 3. Nc3 Be7 4. cxd5 exd5 5. Bf4 c6 6. e3 Bf5 7. g4 Bg6 8. h4 h6 9. h5 Bh7 10. Bd3 Nf6 11. f3 Bd6 12. Nge2 Bxf4 13. exf4 Qe7 14. Kf2 Nbd7 15. Qd2 Bxd3 16. Qxd3 0-0-0 17. Rac1 Kb8 18. Ng3 Qd6 19. Nce2 Nh7 20. Nf5 Qf8 21. Qb3 Ka8 22. a4 Nhf6 23. a5 Nb8 24. Qa4 g6 25. Nfg3 Ne8 26. Qc2 Qg7 27. hxg6 fxg6 28. f5 gxf5 29. Nxf5 Qf6 30. Neg3 Nd6 31. Rh5 Nf7 32. Re1 Rde8 33. Qd2 Rxe1 34. Qxe1 Na6 35. Qe3 Nc7 36. Qe7 Qxe7 37. Nxe7 Ne8 38. Ngf5 Nf6 39. Rh1 h5 40. Kg3 hxg4 41. Rxh8+ Nxh8 42. fxg4 Ne4+ 43. Kh4 Nf7 44. Ng8 Kb8 45. Ngh6 Nfg5 46. Kh5 Nf3 47. Nf7 Nf6+ 48. Kg6 Nxg4 49. Nd8 Kc8 50. Ne6 Nf2 51. Nc5 Ne4 52. Nxe4 dxe4 53. Nd6+ Kc7 54. Nxe4 Nxd4 55. Nc5 b6 56. Nd3 b5 57. Kf6 Nb3 58. Ke5 Nxa5 59. Kd4 Kb6 60. Nc5 Nb7 61. Nd7+ Ka5 62. Nb8 c5+ 63. Kd5 c4 64. Nc6+ Kb6 65. Ne5 Nc5 66. Kd4 Na4 67. Nd7+ Kc7 0-1

[Event "Heraklion op 17th"]
[Site "Heraklion"]
[Date "2016.05.09"]
[Round "9"]
[White "Jansen, Guido"]
[Black "Kiriakakis, Ioannis"]
[Result "1-0"]
[WhiteElo "2152"]
[BlackElo "1564"]
[PlyCount "75"]
[EventDate "2016.05.02"]
[EventType "swiss"]
[EventRounds "9"]
[EventCountry "GRE"]
[SourceTitle "CBM 172 Extra"]
[Source "ChessBase"]
[SourceDate "2016.06.21"]
[SourceVersion "1"]
[SourceVersionDate "2016.06.21"]
[SourceQuality "1"]

1. c4 Nf6 2. Nc3 c5 3. Nf3 Nc6 4. g3 g6 5. Bg2 Bg7 6. 0-0 0-0 7. d4 cxd4 8. Nxd4 Ng4 9. e3 Nge5 10. b3 Nxd4 11. exd4 Nc6 12. Be3 d6 13. Qd2 Bf5 14. h3 Qc8 15. Kh2 a6 16. Rfc1 Bd7 17. Nd5 Qd8 18. b4 e6 19. Nf4 Rb8 20. Rab1 Ne7 21. d5 e5 22. Ne2 Nf5 23. c5 Nxe3 24. Qxe3 Rc8 25. Rb3 f5 26. f4 Re8 27. Qd2 Qe7 28. c6 bxc6 29. dxc6 Be6 30. Rd3 Kh8 31. Rxd6 Bf8 32. fxe5 Qg7 33. Qd4 Bxa2 34. Rd7 Qxe5 35. Qxe5+ Rxe5 36. Nf4 Bxb4 37. c7 Re7 38. Rxe7 1-0

[Event "Heraklion op 17th"]
[Site "Heraklion"]
[Date "2016.05.05"]
[Round "5"]
[White "Kiriakakis, Ioannis"]
[Black "Maris, Ioannis"]
[Result "0-1"]
[WhiteElo "1564"]
[BlackElo "2030"]
[PlyCount "88"]
[EventDate "2016.05.02"]
[EventType "swiss"]
[EventRounds "9"]
[EventCountry "GRE"]
[SourceTitle "CBM 172 Extra"]
[Source "ChessBase"]
[SourceDate "2016.06.21"]
[SourceVersion "1"]
[SourceVersionDate "2016.06.21"]
[SourceQuality "1"]

1. e4 c5 2. Nf3 d6 3. Bb5+ Nd7 4. d4 cxd4 5. Qxd4 a6 6. Bxd7+ Bxd7 7. c4 b5 8. Nc3 bxc4 9. Qxc4 Qa5 10. 0-0 Rc8 11. Qd3 Nf6 12. Bg5 h6 13. Bxf6 gxf6 14. Rfc1 e6 15. Nd2 Rg8 16. Nc4 Qg5 17. g3 Qc5 18. Na4 Bxa4 19. Nxd6+ Bxd6 20. Rxc5 Bxc5 21. Qxa6 Bd7 22. Rd1 Ke7 23. Qb7 Bd6 24. Qa6 Rc6 25. Qd3 Rd8 26. Qd2 Rb6 27. Qxh6 Be5 28. Qe3 Rc6 29. b4 Rd6 30. Rc1 Bd4 31. Qe2 Rb8 32. a3 e5 33. h4 Rg8 34. Kg2 f5 35. exf5 Bxf5 36. Rc7+ Rd7 37. Rc6 Be6 38. Rc1 Bd5+ 39. Kh2 f5 40. Rd1 Kf6 41. Qa6+ Be6 42. b5 Rdg7 43. Rd2 f4 44. Qc6 fxg3+ 0-1

[Event "GRE-ch U14"]
[Site "Rio Achaia"]
[Date "2015.06.27"]
[Round "3.12"]
[White "Argyropoulos, Theodoros"]
[Black "Kiriakakis, Ioannis"]
[Result "1/2-1/2"]
[WhiteElo "1378"]
[BlackElo "1676"]
[PlyCount "50"]
[EventDate "2015.06.26"]
[EventType "swiss"]
[EventRounds "9"]
[EventCountry "GRE"]
[SourceTitle "EXT 2024"]
[Source "ChessBase"]
[SourceDate "2023.10.10"]
[SourceVersion "1"]
[SourceVersionDate "2023.10.10"]
[SourceQuality "1"]

1. e4 e5 2. Nf3 Nc6 3. d4 exd4 4. Bc4 Bc5 5. c3 Nf6 6. cxd4 Bb4+ 7. Nc3 Nxe4 8. 0-0 Bxc3 9. d5 Bf6 10. Re1 Ne7 11. Rxe4 d6 12. Qe2 0-0 13. Bg5 Nxd5 14. Bxd5 Bxg5 15. Nxg5 Qxg5 16. Qc4 Qf6 17. Qxc7 Bf5 18. Re2 Bd3 19. Rd2 Qg5 20. Rxd3 Rac8 21. Bxf7+ Kh8 22. Rd5 Qxd5 23. Qxc8 Qxf7 24. Qc2 Re8 25. b3 Qe6 1/2-1/2

[Event "GRE-ch U14"]
[Site "Rio Achaia"]
[Date "2015.06.27"]
[Round "2.5"]
[White "Kiriakakis, Ioannis"]
[Black "Anthopoulos, Hristos"]
[Result "0-1"]
[WhiteElo "1676"]
[BlackElo "1909"]
[PlyCount "126"]
[EventDate "2015.06.26"]
[EventType "swiss"]
[EventRounds "9"]
[EventCountry "GRE"]
[SourceTitle "EXT 2024"]
[Source "ChessBase"]
[SourceDate "2023.10.10"]
[SourceVersion "1"]
[SourceVersionDate "2023.10.10"]
[SourceQuality "1"]

1. e4 c5 2. Nf3 Nc6 3. Bb5 e6 4. Bxc6 bxc6 5. 0-0 Be7 6. c3 d5 7. Qa4 Bd7 8. Ne5 Qc7 9. Nxd7 Qxd7 10. d3 Bd6 11. f4 Ne7 12. Nd2 0-0 13. Nf3 Bc7 14. Be3 Bb6 15. Qc2 Qc7 16. Rae1 c4 17. dxc4 Bxe3+ 18. Rxe3 Qxf4 19. Qe2 Qc7 20. cxd5 cxd5 21. Nd4 Qb6 22. Kh1 Rab8 23. Rf2 e5 24. Nf3 d4 25. Rd3 dxc3 26. Rxc3 Nc6 27. Qc2 Nb4 28. Qe2 Nxa2 29. Ra3 Nc1 30. Qf1 Rbc8 31. Nxe5 Qe6 32. Nf3 Nb3 33. Ng5 Qc4 34. Qxc4 Rxc4 35. h3 Nc5 36. Rxa7 f6 37. Nf3 Nxe4 38. Rf1 Ng3+ 39. Kg1 Nxf1 40. Kxf1 Rb8 41. Ne1 Rxb2 42. Ra8+ Kf7 43. Ra7+ Kg6 44. Ra3 Rb1 45. Kf2 Rb2+ 46. Kg3 Rc7 47. Nd3 Rbc2 48. Nf4+ Kf7 49. Nd5 R7c5 50. Ra7+ Ke6 51. Nf4+ Kf5 52. Nh5 Ke4 53. Ra4+ R2c4 54. Rxc4+ Rxc4 55. Nxg7 f5 56. Ne6 h6 57. Kf2 Rc6 58. Ng7 Rc2+ 59. Kg1 f4 60. Nh5 f3 61. gxf3+ Kxf3 62. Nf6 Kg3 63. Ng4 Rc1# 0-1

[Event "Heraklion op"]
[Site "Heraklion"]
[Date "2014.09.05"]
[Round "5"]
[White "Kiriakakis, Ioannis"]
[Black "Lianeris, Andreas"]
[Result "1-0"]
[WhiteElo "1465"]
[BlackElo "1313"]
[PlyCount "75"]
[EventDate "2014.09.02"]
[EventType "swiss"]
[EventRounds "6"]
[EventCountry "GRE"]
[SourceTitle "EXT 2015"]
[Source "ChessBase"]
[SourceDate "2014.11.20"]
[SourceVersion "1"]
[SourceVersionDate "2014.11.20"]
[SourceQuality "1"]

1. e4 c5 2. Nf3 g6 3. d4 cxd4 4. Nxd4 Nc6 5. c4 Bg7 6. Be3 Nf6 7. Nc3 0-0 8. Be2 d6 9. 0-0 a6 10. f3 Re8 11. Qd2 Bd7 12. Nc2 Be6 13. Nd5 Nd7 14. Rab1 Rc8 15. Nd4 Nxd4 16. Bxd4 Bxd4+ 17. Qxd4 Qa5 18. b4 Qd8 19. f4 Bxd5 20. exd5 Qb6 21. Rfd1 Rc7 22. Kh1 Qxd4 23. Rxd4 Rec8 24. Rc1 b5 25. Bd3 bxc4 26. Rdxc4 Rxc4 27. Rxc4 Rxc4 28. Bxc4 Nb8 29. Kg1 Kf8 30. Kf2 Ke8 31. Ke3 Kd7 32. Kd4 f5 33. Bb3 Kc7 34. Ba4 Nd7 35. Bxd7 Kxd7 36. a4 Kc7 37. Kc4 Kd7 38. a5 1-0

[Event "Heraklion op"]
[Site "Heraklion"]
[Date "2014.09.04"]
[Round "4"]
[White "Sandalakis, Nikolaos"]
[Black "Kiriakakis, Ioannis"]
[Result "1-0"]
[WhiteElo "1971"]
[BlackElo "1465"]
[PlyCount "83"]
[EventDate "2014.09.02"]
[EventType "swiss"]
[EventRounds "6"]
[EventCountry "GRE"]
[SourceTitle "EXT 2015"]
[Source "ChessBase"]
[SourceDate "2014.11.20"]
[SourceVersion "1"]
[SourceVersionDate "2014.11.20"]
[SourceQuality "1"]

1. e4 e5 2. Nf3 Nc6 3. Bc4 Bc5 4. c3 Nf6 5. d3 0-0 6. 0-0 a6 7. d4 Be7 8. d5 Nb8 9. Bd3 d6 10. c4 Nbd7 11. Nc3 Nc5 12. h3 Nxd3 13. Qxd3 h6 14. Be3 Nh7 15. Nd2 Bg5 16. c5 Bxe3 17. Qxe3 f5 18. f3 f4 19. Qf2 Nf6 20. Nc4 Qe7 21. b4 Bd7 22. Rfc1 Bb5 23. cxd6 cxd6 24. Nb6 Rad8 25. Nxb5 axb5 26. Qe2 Rf7 27. Qxb5 Qe8 28. Qxe8+ Rxe8 29. Rc2 Nd7 30. Nc8 Rf6 31. Rac1 Nc5 32. Nxd6 Rxd6 33. bxc5 Ra6 34. Rb1 Rea8 35. Rxb7 Rxa2 36. Rxa2 Rxa2 37. Re7 Ra1+ 38. Kf2 Ra2+ 39. Kg1 Ra1+ 40. Kh2 Rc1 41. c6 Kf8 42. Rxe5 1-0

[Event "Heraklion op"]
[Site "Heraklion"]
[Date "2014.09.03"]
[Round "3"]
[White "Kiriakakis, Ioannis"]
[Black "Despotakis, Vasilios"]
[Result "1/2-1/2"]
[WhiteElo "1465"]
[BlackElo "1715"]
[PlyCount "35"]
[EventDate "2014.09.02"]
[EventType "swiss"]
[EventRounds "6"]
[EventCountry "GRE"]
[SourceTitle "EXT 2015"]
[Source "ChessBase"]
[SourceDate "2014.11.20"]
[SourceVersion "1"]
[SourceVersionDate "2014.11.20"]
[SourceQuality "1"]

1. e4 c5 2. Nf3 g6 3. d4 cxd4 4. Nxd4 Nc6 5. Be3 Bg7 6. c4 Nf6 7. Nc3 0-0 8. Be2 d6 9. 0-0 Bd7 10. f3 Rc8 11. Qd2 a6 12. Rfd1 Qa5 13. a3 Qh5 14. Nd5 Nxd5 15. cxd5 Nxd4 16. Bxd4 Bh6 17. Be3 Bg7 18. Bd4 1/2-1/2

[Event "Iraklio SOI op-A 9th"]
[Site "Iraklio"]
[Date "2013.09.04"]
[Round "2"]
[White "Dacalor, Aurelie"]
[Black "Kiriakakis, Ioannis"]
[Result "1-0"]
[WhiteElo "2016"]
[BlackElo "1526"]
[PlyCount "85"]
[EventDate "2013.09.03"]
[EventType "swiss"]
[EventRounds "7"]
[EventCountry "GRE"]
[SourceTitle "EXT 2024"]
[Source "ChessBase"]
[SourceDate "2023.10.10"]
[SourceVersion "1"]
[SourceVersionDate "2023.10.10"]
[SourceQuality "1"]

1. d4 d5 2. c4 e6 3. cxd5 exd5 4. Nc3 Nf6 5. Bg5 Be7 6. e3 c6 7. Bd3 Nbd7 8. Qc2 h6 9. Bf4 Nf8 10. h3 Ne6 11. Bh2 0-0 12. Nf3 b6 13. Ne5 Bb7 14. Bf5 Bd6 15. 0-0 Rc8 16. Rfd1 Qe7 17. a3 Rfd8 18. Qe2 g6 19. Bd3 Ng7 20. Rac1 c5 21. f4 Ne4 22. Nxe4 dxe4 23. Bc4 Bxe5 24. dxe5 Nf5 25. g3 Rxd1+ 26. Rxd1 Rd8 27. Kf2 a6 28. a4 Qc7 29. Bg1 Ne7 30. Rxd8+ Qxd8 31. Bxa6 Bxa6 32. Qxa6 Qd2+ 33. Qe2 Qb4 34. Qc2 Nc6 35. Ke2 Na5 36. Bf2 Nc4 37. b3 Na5 38. Be1 Qxb3 39. Qxe4 c4 40. e6 Qa2+ 41. Kf3 Qh2 42. exf7+ Kxf7 43. Qd5+ 1-0

[Event "Heraklion Gazi op 9th"]
[Site "Heraklion"]
[Date "2013.07.28"]
[Round "2"]
[White "Kiriakakis, Ioannis"]
[Black "Maris, Ioannis"]
[Result "0-1"]
[WhiteElo "1503"]
[BlackElo "1954"]
[PlyCount "100"]
[EventDate "2013.07.27"]
[EventType "swiss"]
[EventRounds "9"]
[EventCountry "GRE"]
[SourceTitle "CBM 155 Extra"]
[Source "ChessBase"]
[SourceDate "2013.08.26"]
[SourceVersion "1"]
[SourceVersionDate "2013.08.26"]
[SourceQuality "1"]

1. e4 c5 2. Nf3 e6 3. d4 cxd4 4. Nxd4 a6 5. Nc3 Qc7 6. Be2 Nf6 7. a3 b5 8. 0-0 Bb7 9. f3 h5 10. Be3 h4 11. Qd3 d6 12. f4 Nbd7 13. Nb3 Rd8 14. Rad1 Be7 15. Bf3 Nc5 16. Nxc5 dxc5 17. Qe2 b4 18. axb4 cxb4 19. Rxd8+ Bxd8 20. Na4 Bxe4 21. Bxe4 Nxe4 22. Qxa6 0-0 23. Qd3 Qc6 24. Re1 f5 25. b3 Bf6 26. Nb6 Rd8 27. Qc4 Qe8 28. Qe2 e5 29. fxe5 Bxe5 30. Nc4 Bb8 31. Bg5 Ba7+ 32. Be3 Qe7 33. Bxa7 Qxa7+ 34. Qe3 Qxe3+ 35. Nxe3 g6 36. Rd1 Rc8 37. Nc4 Kg7 38. Rd7+ Kf6 39. Rb7 Rd8 40. Kf1 Rd1+ 41. Ke2 Nc3+ 42. Kf2 Rc1 43. Rb6+ Kg7 44. Ne5 g5 45. Rg6+ Kh7 46. Rxg5 Ne4+ 47. Ke2 Nxg5 48. Kd2 Rg1 49. Nd3 Rxg2+ 50. Kd1 Rg4 0-1